Statistics for Dictator to Country 2#

Click here to take the quiz!

General Stats

  • This quiz has been taken 87 times
  • The average score is 11 of 16

Answer Stats

DictatorCountry% Correct
Mao ZedongChina
99%
Kim Jong-ilNorth Korea
97%
Vladimir LeninSoviet Union
97%
Adolf HitlerGermany
96%
Muammar GaddafiLibya
96%
Aleksandr LukashenkoBelarus
78%
Hosni MubarakEgypt
78%
Chiang Kai-ChekTaiwan
76%
Ferdinand MarcosPhilippines
69%
Erich HoeneckerEast Germany
68%
Charles G. TaylorLiberia
65%
Mswati IIISwaziland
44%
Saparmurat NiyazovTurkmenistan
44%
Jean-Bédel BokassaCentral African Republic
38%
Paul BiyaCameroon
31%
Paul BiyaCameroon
29%

Score Distribution

Percentile by Number Answered

Percent of People with Each Score

Your Score History

You have not taken this quiz